000
00268nam a2200109Ia 4500
008
200302s9999 xx 000 0 und d
100
_a
Author
245
_a
Details in Architecture
260
_b
The Images Publishing Group Pvt. Ltd.
260
_c
1999
300
_a
216 P.,
999
_c
1128
_d
1128